000 01266nam a2200325 i 4500
003 EG-GICUC
005 20260121101231.0
008 251117s2004 UA ||||fr|||| 000 0 ARA d
017 _a2005/16161
040 _a EG-GICUC
_bara
_c EG-GICUC
_d EG-GICUC
_erda
041 0 _aARA
082 0 4 _221
_a341.85
_bه ش . أ
092 0 4 _221
099 _aLAW1 11 2004 341.85 ه ش . أ
100 0 _aهشام خالد ،
_eمؤلف.
245 1 0 _aأوليات التحكيم التجارى الدولى :
_bدراسة مقارنة فى النظم القانونية اللاتينية ولانجلوسكسونية والعربية /
_cتأليف دكتور هشام خالد .
264 1 _aالاسكندرية :
_bدار الفكر الجامعى ،
_c2004 .
300 _a؛ 216 صفحة
_c24 سم
336 _2rda content
_atext
337 _2rda media
_aComputer
338 _2rda carrier
_aOnline Resource
504 _aيشتمل على ارجاعات ببليوجرافية .
546 _aالنص باللغة العربية
650 1 4 _aالقانون الدولى
650 1 4 _aالتحكيم - قانون دولي
651 1 _2qrmak
856 4 0 _uhttps://fll.law.cu.edu.eg/fulltext/bks/B12-01406.pdf
905 _a76
942 _2ddc
_cBK
_e21
_n0
999 _c43746
_d43746